000 01043nam a22002777a 4500
001 8210
003 FISKH
005 20250902144703.0
008 250902b cb ||||| |||| 00| 0 eng d
020 _a9780545256339
040 _aFISKH
_beng
_cFISKH
_dFISKH
050 _aPZ7
082 _a416
100 _aCharlesworth, Liza
245 _aCloud pictures /
_cBy Liza Charlesworth
260 _aNew York :
_bScholastic ,
_c2010.
300 _a8 pages :
_bcolor illustrations ;
_c14 x 14 cm .
490 _aFirst Little Readers
505 _aA
520 _aCloud pictures, Meet my baby brother, Tiny things , Animal farm, I get it, Biscuit and the mule, Biscuit bakes a cake, Biscuit and the geese, In winter, Hot summer, Jimmy is hungry , Draw a picture, Vegetables, Go to the zoo, I'm the king, Emotions, I like socks , The wheels on the bus, Shopping, Ear song .
521 8 _a100
_bLexile estimate
521 8 _aA
_bRaz-Plus
700 _aKennedy, Anne
_eIllustrator
942 _2ddc
_cBK
_n0
999 _c8210
_d8210